000 01386nam a2200337Ia 4500
001 ebr10306275
003 CaPaEBR
006 m u
007 cr cn|||||||||
008 031201s2000 ph a s i000 0 eng d
020 _z9290611537
020 _z9789290611530
020 _z9789290613688
040 _aCaPaEBR
_cCaPaEBR
035 _a(OCoLC)732955738
050 1 4 _aRG137
_b.O55 2000eb
245 0 0 _a100% condom use programme in entertainment establishments
_h[electronic resource].
246 1 _iHalf title:
_aSTI/HIV
246 3 _a100 percent condom use programme in entertainment establishments
246 3 _aOne hundred percent condom use programme in entertainment establishments
260 _aManila :
_bWHO Regional Office for the West Pacific,
_c2000.
300 _aiii, 36 p. :
_bill.
533 _aElectronic reproduction.
_bPalo Alto, Calif. :
_cebrary,
_d2009.
_nAvailable via World Wide Web.
_nAccess may be limited to ebrary affiliated libraries.
650 0 _aCondoms.
650 0 _aProstitution.
650 0 _aSexually transmitted diseases
_xPrevention.
655 7 _aElectronic books.
_2local
710 2 _aWorld Health Organization.
_bRegional Office for the Western Pacific.
710 2 _aebrary, Inc.
856 4 0 _uhttp://site.ebrary.com/lib/rucke/Doc?id=10306275
_zAn electronic book accessible through the World Wide Web; click to view
999 _c159570
_d159570